000 00670nam a2200289Ia 4500
005 20260324145330.0
008 008 260324s9999 xx 000 0 eng d
020 _a9781003307426
037 _aEBOOK
040 _aCRL
040 _beng
040 _cCRL
041 _2eng
041 _aeng
084 _qCRL
100 _aRobert Ross
_9973709
245 0 _aCape of Torments
245 0 _bSlavery and Resistance in South Africa
260 _bTaylor and Francis
260 _c1983
365 _a
365 _b150
856 _uhttp://www.taylorfrancis.com/books/9781003307426
942 _cEBOOK
999 _c1830344
_d1830344